5 besten Fußball vereine aus jedem Bundesland im Norden - Statistiken

Allgemein
  • Dieses Quiz wurde 174 mal gespielt
  • Das Durchschnittsergebnis liegt bei 8 aus 15
Antwortstatistiken
Hint Antwort % Korrekt
HH ST.Pauli
91%
HH Hamburger SV
90%
SW Holstein Kiel
87%
NS Hannover 96
83%
NS Eintracht Braunschweig
75%
NS Wolfsburg
74%
SW VFB Lübeck
71%
SW Phönix Lübeck
61%
SW SC Weiche Flensburg 08
58%
NS VfB Oldenburg
49%
SW Eintracht Norderstedt
29%
HH Teutonia Ottensen
28%
HH TuS Dassendorf
7%
NS BW Lohne
6%
HH Eimsbütteler TV
4%
Keine übereinstimmenden Quizze gefunden
Verteilung der Resultate
Anzahl Personen mit jedem Resultat
Perzentil nach korrekt beantworteten Fragen
Ihre Resultats-Entwicklung
Sie haben dieses Quiz noch nicht gespielt